[Event "Titled Tuesday intern op 12th Mar Early"]
[Site "Chess.com INT"]
[Date "2024.03.12"]
[Round "8"]
[White "Sattarov, Bobir"]
[Black "Hulka, Valentyn"]
[Result "1-0"]
[WhiteElo "2351"]
[BlackElo "2349"]
[PlyCount "65"]
[EventDate "2024.03.12"]
[EventType "swiss (blitz)"]
[EventRounds "11"]
[EventCountry "USA"]
[SourceTitle "CB12_2024"]
[SourceDate "2023.10.01"]
[SourceVersion "1"]
[SourceVersionDate "2023.10.01"]
[SourceQuality "1"]

1. e4 c5 2. Nf3 Nf6 3. e5 Nd5 4. Nc3 e6 5. d4 Nxc3 6. bxc3 d5 7. h4 Nc6 8. h5 h6 9. Bd3 Qa5 10. Bd2 c4 11. Bf1 Bd7 12. g4 Qa4 13. Bh3 0-0-0 14. 0-0 Be7 15. Kg2 g5 16. Ng1 f6 17. exf6 Bxf6 18. f4 e5 19. fxe5 Be7 20. Ne2 Be6 21. Ng3 Nxe5 22. Re1 Bd6 23. dxe5 Bc5 24. Be3 Bxe3 25. Rxe3 d4 26. cxd4 c3 27. Rxc3+ Kb8 28. Rd3 Rc8 29. Rc1 Rhd8 30. Kh2 Bxa2 31. Bg2 Bc4 32. Ra1 Qb4 33. Rb1 1-0

[Event "Titled Tuesday intern op 12th Mar Early"]
[Site "Chess.com INT"]
[Date "2024.03.12"]
[Round "10"]
[White "Sattarov, Bobir"]
[Black "Kramnik, Vladimir"]
[Result "0-1"]
[WhiteElo "2351"]
[BlackElo "2753"]
[PlyCount "80"]
[EventDate "2024.03.12"]
[EventType "swiss (blitz)"]
[EventRounds "11"]
[EventCountry "USA"]
[SourceTitle "CB12_2024"]
[SourceDate "2023.10.01"]
[SourceVersion "1"]
[SourceVersionDate "2023.10.01"]
[SourceQuality "1"]

1. e4 e6 2. d4 d5 3. e5 c5 4. c3 Nc6 5. Nf3 Bd7 6. Bd3 cxd4 7. 0-0 dxc3 8. Nxc3 a6 9. Re1 Nge7 10. h4 h6 11. h5 Rc8 12. a3 Nf5 13. Bf4 Bc5 14. b4 Ba7 15. Rc1 0-0 16. Qd2 Nh4 17. Nh2 f6 18. exf6 Qxf6 19. Bg3 Nd4 20. Ng4 Ndf3+ 21. Kh1 Nxd2 22. Nxf6+ Rxf6 23. Bxh4 Rf4 24. Bg3 Rff8 25. Rc2 Bxf2 26. Bxf2 Rxf2 27. Rec1 Nb3 28. Rxf2 Nxc1 29. Bg6 Rxc3 30. Rf7 Be8 31. Re7 Bxg6 32. hxg6 Rc8 33. Rxe6 d4 34. Rd6 d3 35. Kg1 Kf8 36. Rd7 Ke8 37. Rxg7 d2 38. Rg8+ Kd7 39. Rxc8 d1Q+ 40. Kh2 Qh5+ 0-1

[Event "Moscow Aeroflot op-A"]
[Site "Moscow"]
[Date "2024.03.06"]
[Round "7"]
[White "Sattarov, Bobir"]
[Black "Kamalidenova, Meruert"]
[Result "0-1"]
[WhiteElo "2351"]
[BlackElo "2380"]
[PlyCount "120"]
[EventDate "2024.03.03"]
[EventType "swiss"]
[EventRounds "9"]
[EventCountry "RUS"]
[SourceTitle "CB11_2024"]
[SourceDate "2024.03.13"]
[SourceVersion "1"]
[SourceVersionDate "2024.03.13"]
[SourceQuality "1"]

1. d4 Nf6 2. Nf3 g6 3. Bg5 Bg7 4. c3 0-0 5. Nbd2 d6 6. e4 c5 7. dxc5 dxc5 8. Bc4 Nc6 9. Qe2 Nd7 10. 0-0 Qc7 11. Bh4 Nde5 12. Bg3 Qb6 13. Nxe5 Nxe5 14. Bxe5 Bxe5 15. f4 Bg7 16. Nb3 Bd7 17. Rf2 Qc7 18. Raf1 Rab8 19. e5 b5 20. Bd5 Rbd8 21. e6 fxe6 22. Bxe6+ Bxe6 23. Qxe6+ Kh8 24. Nd2 Qd6 25. Qe2 b4 26. Ne4 Qd5 27. c4 Qc6 28. Rf3 h6 29. b3 a5 30. Ng3 e6 31. Qc2 Bd4+ 32. Kh1 Kg7 33. Ne4 a4 34. h4 axb3 35. axb3 h5 36. Re1 Rde8 37. Ng5 Rf5 38. Re4 Bf6 39. Qe2 e5 40. Nh3 Qa8 41. Rd3 Re7 42. Qe1 Rf7 43. Rd5 Qa2 44. Qg3 Qb2 45. Kh2 Qc2 46. Qe3 Bxh4 47. Rexe5 Rxe5 48. Qxe5+ Bf6 49. Qe3 Re7 50. Qxc5 Qxb3 51. Re5 Rf7 52. Re3 Qb2 53. Rg3 h4 54. Rg4 Be7 55. Qh5 Qc2 56. Ng1 b3 57. Ne2 b2 58. Nd4 b1Q 59. c5 Qe4 60. f5 Qe5+ 0-1

[Event "Titled Tuesday intern op 06th Feb Early"]
[Site "Chess.com INT"]
[Date "2024.02.06"]
[Round "10"]
[White "Martinez Alcantara, Jose Eduardo"]
[Black "Sattarov, Bobir"]
[Result "1-0"]
[WhiteElo "2610"]
[BlackElo "2351"]
[PlyCount "37"]
[EventDate "2024.02.06"]
[EventType "swiss (blitz)"]
[EventRounds "11"]
[EventCountry "USA"]
[SourceTitle "CB07_2024"]
[SourceDate "2024.02.14"]
[SourceVersion "1"]
[SourceVersionDate "2024.02.14"]
[SourceQuality "1"]

1. e4 e5 2. Nf3 Nc6 3. Nc3 Nf6 4. h3 Bb4 5. a3 Bxc3 6. dxc3 d6 7. Bd3 0-0 8. Bg5 h6 9. Bh4 g5 10. Nxg5 hxg5 11. Bxg5 Kg7 12. Qd2 Rh8 13. 0-0-0 Rh5 14. h4 Ne7 15. Be2 Qh8 16. Bxh5 Qxh5 17. f3 Be6 18. g4 Qh7 19. Bxf6+ 1-0

[Event "Chessable Masters Play In"]
[Site "Chess.com INT"]
[Date "2024.01.31"]
[Round "8"]
[White "Sattarov, Bobir"]
[Black "Sjugirov, Sanan"]
[Result "0-1"]
[WhiteElo "2351"]
[BlackElo "2695"]
[PlyCount "68"]
[EventDate "2024.01.31"]
[EventType "swiss (rapid)"]
[EventRounds "9"]
[EventCountry "USA"]
[SourceTitle "CB06_2024"]
[SourceDate "2024.02.07"]
[SourceVersion "1"]
[SourceVersionDate "2024.02.07"]
[SourceQuality "1"]

1. e4 c5 2. Nf3 d6 3. d4 cxd4 4. Nxd4 Nf6 5. f3 e5 6. Nb3 Be7 7. c4 a5 8. Nc3 0-0 9. Be3 Nc6 10. Be2 Nh5 11. Nd5 a4 12. Nd2 Nf4 13. 0-0 Bg5 14. Bb6 Qd7 15. Nb1 Nxd5 16. cxd5 Nd4 17. Bxd4 exd4 18. Qxd4 Bf6 19. Qb4 Qc7 20. Na3 Bd7 21. Rac1 Qb8 22. Kh1 b5 23. Rc2 Bd8 24. Rfc1 f5 25. exf5 Ba5 26. Qh4 b4 27. Nb1 b3 28. axb3 axb3 29. Rc4 Bxf5 30. Na3 Bd8 31. Qe1 Bf6 32. Rb4 Qe8 33. Rxb3 Bxb2 34. Rxb2 Rxa3 0-1

[Event "Chessable Masters Play In"]
[Site "Chess.com INT"]
[Date "2024.01.31"]
[Round "5"]
[White "Sattarov, Bobir"]
[Black "Svane, Rasmus"]
[Result "1/2-1/2"]
[WhiteElo "2351"]
[BlackElo "2637"]
[PlyCount "173"]
[EventDate "2024.01.31"]
[EventType "swiss (rapid)"]
[EventRounds "9"]
[EventCountry "USA"]
[SourceTitle "CB06_2024"]
[SourceDate "2024.02.07"]
[SourceVersion "1"]
[SourceVersionDate "2024.02.07"]
[SourceQuality "1"]

1. d4 d5 2. Nf3 e6 3. c3 c5 4. Bf4 Bd6 5. Bg3 Nf6 6. e3 0-0 7. Nbd2 Qc7 8. Ne5 Nc6 9. f4 Ne7 10. Bd3 Nf5 11. Qf3 b6 12. Bf2 Be7 13. Ng4 Nxg4 14. Qxg4 a5 15. Qh3 Ba6 16. Bc2 cxd4 17. exd4 Qxf4 18. Nf3 h6 19. Ne5 Bg5 20. Rd1 Ne3 21. Bxe3 Qxe3+ 22. Qxe3 Bxe3 23. Nd7 Rfe8 24. Bd3 Bb7 25. Bb5 Re7 26. g3 Rd8 27. Ke2 Bg5 28. h4 Bf6 29. Nxf6+ gxf6 30. Rhf1 f5 31. Kf3 Kg7 32. Rde1 h5 33. Kf4 Kf6 34. Be2 Rh8 35. Bf3 Ba6 36. Rf2 Bc4 37. a3 b5 38. Re3 Rb7 39. Bd1 b4 40. cxb4 axb4 41. b3 Ba6 42. a4 Rc7 43. Rc2 Rxc2 44. Bxc2 Bf1 45. Re1 Bg2 46. Bd3 Be4 47. Be2 Bc2 48. a5 Bxb3 49. Rb1 Bc4 50. Bxc4 dxc4 51. Rxb4 Ra8 52. Rxc4 Rxa5 53. Rc3 Ra4 54. Ke3 Ra1 55. Rb3 Re1+ 56. Kf3 Rd1 57. Ke3 f4+ 58. gxf4 Rh1 59. Ke4 Rxh4 60. Rb6 Rh1 61. d5 Re1+ 62. Kf3 Rf1+ 63. Kg3 h4+ 64. Kg4 h3 65. Kxh3 Rxf4 66. dxe6 fxe6 67. Kg3 Rf5 68. Kg2 Rf4 69. Kg3 Rf1 70. Kg2 Rf5 71. Kg3 Ke5 72. Rb5+ Ke4 73. Rb4+ Kd3 74. Rb3+ Kd4 75. Rb4+ Kc5 76. Ra4 e5 77. Ra5+ Kd4 78. Ra4+ Kc5 79. Ra5+ Kb6 80. Rd5 Kc6 81. Ra5 Kd6 82. Ra6+ Kd5 83. Ra5+ Ke6 84. Ra6+ Kd7 85. Ra7+ Kd6 86. Ra6+ Kc5 87. Ra5+ 1/2-1/2

[Event "Wch Blitz"]
[Site "Samarkand"]
[Date "2023.12.30"]
[Round "12"]
[White "Demchenko, Anton"]
[Black "Sattarov, Bobir"]
[Result "1-0"]
[WhiteElo "2609"]
[BlackElo "2353"]
[PlyCount "105"]
[EventDate "2023.12.29"]
[EventType "swiss (blitz)"]
[EventRounds "21"]
[EventCountry "UZB"]
[SourceTitle "CB01_2024"]
[SourceDate "2024.01.03"]
[SourceVersion "1"]
[SourceVersionDate "2024.01.03"]
[SourceQuality "1"]

1. e4 e5 2. Nf3 Nc6 3. Bc4 Bc5 4. c3 Qf6 5. d3 h6 6. b4 Bb6 7. Na3 d6 8. Bb3 a6 9. Nc4 Ba7 10. Be3 Nge7 11. Bxa7 Rxa7 12. Ne3 0-0 13. 0-0 Ra8 14. a4 Ng6 15. g3 Bh3 16. Re1 Nce7 17. a5 Rad8 18. Nd2 Be6 19. Bxe6 fxe6 20. Qe2 Qg5 21. Kh1 Rf7 22. Nf3 Qh5 23. Ng1 Qg5 24. f3 Rdf8 25. Rab1 Nc6 26. Rf1 Qd8 27. Qa2 Qd7 28. Qa4 d5 29. Nc2 h5 30. Kg2 h4 31. Rf2 Kh8 32. Qb3 Nce7 33. Rbf1 c6 34. Nh3 Ng8 35. Ne3 Qd8 36. Qc2 Nf6 37. c4 Nh5 38. Ng4 hxg3 39. hxg3 Nh4+ 40. gxh4 Qxh4 41. Rh1 Qg3+ 42. Kf1 Rxf3 43. Ng1 Rxf2+ 44. Nxf2 Qg5 45. Qe2 g6 46. Nf3 Qf4 47. Rh3 Kg7 48. Qd2 Qf6 49. Qg5 dxc4 50. dxc4 Rd8 51. Rxh5 Qxf3 52. Qe7+ Qf7 53. Rh7+ 1-0

[Event "Wch Blitz"]
[Site "Samarkand"]
[Date "2023.12.30"]
[Round "15"]
[White "Drazic, Sinisa"]
[Black "Sattarov, Bobir"]
[Result "0-1"]
[WhiteElo "2264"]
[BlackElo "2353"]
[PlyCount "52"]
[EventDate "2023.12.29"]
[EventType "swiss (blitz)"]
[EventRounds "21"]
[EventCountry "UZB"]
[SourceTitle "CB01_2024"]
[SourceDate "2024.01.03"]
[SourceVersion "1"]
[SourceVersionDate "2024.01.03"]
[SourceQuality "1"]

1. d4 g6 2. h4 c5 3. dxc5 Nf6 4. Nc3 Qa5 5. f3 Qxc5 6. e4 Nc6 7. Qe2 Bg7 8. Be3 Qa5 9. 0-0-0 d6 10. Kb1 Be6 11. Qd2 Rc8 12. Nge2 0-0 13. Nd5 Nxd5 14. Qxa5 Nxa5 15. exd5 Bf5 16. Rc1 Nc4 17. Bd4 Nd2+ 18. Ka1 Bxc2 19. Bxg7 Kxg7 20. Nc3 Bf5 21. Be2 h5 22. b3 Rc5 23. Rhd1 Rfc8 24. Kb2 Nb1 25. Nxb1 Rc2+ 26. Ka3 Rxc1 0-1

[Event "Wch Blitz"]
[Site "Samarkand"]
[Date "2023.12.29"]
[Round "2"]
[White "Sattarov, Bobir"]
[Black "Asadli, Vugar Afgan Oglu"]
[Result "1-0"]
[WhiteElo "2353"]
[BlackElo "2562"]
[PlyCount "81"]
[EventDate "2023.12.29"]
[EventType "swiss (blitz)"]
[EventRounds "21"]
[EventCountry "UZB"]
[SourceTitle "CB01_2024"]
[SourceDate "2024.01.03"]
[SourceVersion "1"]
[SourceVersionDate "2024.01.03"]
[SourceQuality "1"]

1. e4 c5 2. Nf3 e6 3. d4 cxd4 4. Nxd4 Nf6 5. Nc3 Nc6 6. Ndb5 Bc5 7. Bf4 0-0 8. Bc7 Qe7 9. Bd6 Bxd6 10. Qxd6 Qd8 11. 0-0-0 a6 12. Nd4 Ne7 13. f3 b5 14. h4 Bb7 15. h5 h6 16. g4 Rc8 17. Bd3 Ne8 18. Qg3 Nc6 19. Nxc6 Bxc6 20. f4 b4 21. Ne2 Nf6 22. e5 Ne4 23. Qe3 Nc5 24. Rhg1 Nxd3+ 25. Rxd3 Qa5 26. Kb1 Bd5 27. b3 Qc5 28. Nd4 Kh8 29. g5 hxg5 30. Rxg5 d6 31. f5 dxe5 32. f6 Rg8 33. fxg7+ Rxg7 34. Qxe5 f6 35. Qxf6 Qe7 36. Qh6+ Rh7 37. Qg6 a5 38. Rdg3 Qf8 39. Nxe6 Bxe6 40. Qxe6 Re7 41. Rg8+ 1-0

[Event "Wch Blitz"]
[Site "Samarkand"]
[Date "2023.12.29"]
[Round "5"]
[White "Sattarov, Bobir"]
[Black "Pranav, V."]
[Result "1-0"]
[WhiteElo "2353"]
[BlackElo "2611"]
[PlyCount "95"]
[EventDate "2023.12.29"]
[EventType "swiss (blitz)"]
[EventRounds "21"]
[EventCountry "UZB"]
[SourceTitle "CB01_2024"]
[SourceDate "2024.01.03"]
[SourceVersion "1"]
[SourceVersionDate "2024.01.03"]
[SourceQuality "1"]

1. e4 e5 2. Nf3 Nc6 3. Bb5 a6 4. Ba4 Nf6 5. Bxc6 dxc6 6. d3 Nd7 7. Nbd2 Bd6 8. Nc4 0-0 9. h4 Re8 10. Ne3 Nf8 11. h5 Ne6 12. Nh4 Bf8 13. Nhf5 Nd4 14. g4 g6 15. hxg6 fxg6 16. c3 Ne6 17. Nc4 Qf6 18. Qf3 gxf5 19. gxf5 Nf4 20. Nxe5 Nxd3+ 21. Nxd3 Bxf5 22. Be3 Rxe4 23. 0-0-0 Re6 24. Bd4 Qg5+ 25. Be3 Qf6 26. Rdg1+ Bg6 27. Qh3 Re7 28. Bd4 Qe6 29. Qh2 Qf5 30. Rxg6+ hxg6 31. Qh8+ Kf7 32. Rh7+ Ke8 33. Rxe7+ Kxe7 34. Ne5 c5 35. Bxc5+ Ke6 36. Bd4 Qf4+ 37. Kc2 Qe4+ 38. Kb3 Qd5+ 39. Kc2 Qe4+ 40. Kb3 Qd5+ 41. Kc2 Qe4+ 42. Kd2 Qf4+ 43. Ke2 c5 44. Qg8+ Kd6 45. Nc4+ Kc6 46. Qe6+ Bd6 47. Ne5+ Kb6 48. Qxd6+ 1-0

[Event "Wch Blitz"]
[Site "Samarkand"]
[Date "2023.12.29"]
[Round "9"]
[White "Sattarov, Bobir"]
[Black "Sychev, Klementy"]
[Result "0-1"]
[WhiteElo "2353"]
[BlackElo "2542"]
[PlyCount "74"]
[EventDate "2023.12.29"]
[EventType "swiss (blitz)"]
[EventRounds "21"]
[EventCountry "UZB"]
[SourceTitle "CB01_2024"]
[SourceDate "2024.01.03"]
[SourceVersion "1"]
[SourceVersionDate "2024.01.03"]
[SourceQuality "1"]

1. e4 e5 2. Nf3 Nc6 3. Bb5 a6 4. Ba4 Nge7 5. Bb3 d6 6. c3 Ng6 7. d4 Be7 8. Be3 0-0 9. Nbd2 Kh8 10. h4 Bg4 11. h5 Nh4 12. h6 g6 13. Rh2 f5 14. exf5 gxf5 15. dxe5 dxe5 16. Nc4 Qe8 17. Rxh4 Bxh4 18. Qc2 Bxf3 19. gxf3 Rd8 20. Ke2 b5 21. Nd2 Nd4+ 22. cxd4 exd4 23. Qxc7 Rd7 24. Qf4 dxe3 25. fxe3 Qg6 26. Qh2 Rfd8 27. Nf1 Bf6 28. Rd1 Rxd1 29. Bxd1 f4 30. Qxf4 Bxb2 31. Qg3 Qd3+ 32. Kf2 Qxd1 33. Qc7 Qd6 34. Qa5 Bf6 35. Ng3 Bh4 36. Qc3+ Qf6 37. Qc7 Rg8 0-1

[Event "Wch Rapid"]
[Site "Samarkand"]
[Date "2023.12.28"]
[Round "13"]
[White "Sattarov, Bobir"]
[Black "Tregubenko, Nikolay"]
[Result "1/2-1/2"]
[WhiteElo "2353"]
[BlackElo "2017"]
[PlyCount "81"]
[EventDate "2023.12.26"]
[EventType "swiss (rapid)"]
[EventRounds "13"]
[EventCountry "UZB"]
[SourceTitle "CB01_2024"]
[SourceDate "2024.01.03"]
[SourceVersion "1"]
[SourceVersionDate "2024.01.03"]
[SourceQuality "1"]

1. e4 c5 2. Nf3 d6 3. Nc3 Nf6 4. e5 dxe5 5. Nxe5 e6 6. g3 Be7 7. Bg2 0-0 8. d3 Nbd7 9. Nc4 Nb6 10. 0-0 Nbd5 11. Ne4 b6 12. a4 Bb7 13. a5 Qc7 14. Re1 Rfd8 15. Qe2 Rac8 16. axb6 axb6 17. Ng5 Rf8 18. Ne5 Bd6 19. Ra7 Bxe5 20. Qxe5 Qxe5 21. Rxe5 Bc6 22. Re1 Ra8 23. Rxa8 Rxa8 24. Bd2 Ra2 25. c4 Ne7 26. Bc3 Bxg2 27. Kxg2 Nc6 28. Nf3 Kf8 29. d4 cxd4 30. Nxd4 Na5 31. Rc1 Ke8 32. Nb5 Nb3 33. Rd1 Nc5 34. Rd6 Na4 35. Nc7+ Ke7 36. Bb4 Rxb2 37. Ba3 Rxf2+ 38. Kg1 Ra2 39. Bb4 Rb2 40. Ba3 Ra2 41. Bb4 1/2-1/2

[Event "Wch Rapid"]
[Site "Samarkand"]
[Date "2023.12.28"]
[Round "12"]
[White "Terry, Renato"]
[Black "Sattarov, Bobir"]
[Result "1-0"]
[WhiteElo "2522"]
[BlackElo "2353"]
[PlyCount "117"]
[EventDate "2023.12.26"]
[EventType "swiss (rapid)"]
[EventRounds "13"]
[EventCountry "UZB"]
[SourceTitle "CB01_2024"]
[SourceDate "2024.01.03"]
[SourceVersion "1"]
[SourceVersionDate "2024.01.03"]
[SourceQuality "1"]

1. Nf3 d5 2. c4 d4 3. b4 a5 4. b5 c5 5. g3 g6 6. Bg2 Bg7 7. d3 e5 8. Nbd2 Ne7 9. Ne4 Qc7 10. Bg5 Nd7 11. b6 Qxb6 12. Rb1 Qc7 13. Bxe7 Kxe7 14. g4 b6 15. Ng3 Bb7 16. 0-0 Rhe8 17. e3 Kf8 18. Ng5 Kg8 19. Bxb7 Qxb7 20. N5e4 Qc6 21. g5 Rad8 22. Qf3 Re6 23. Rb5 Rf8 24. Kg2 Qa8 25. Rbb1 h6 26. h4 h5 27. Rh1 Qd8 28. Rbf1 Nb8 29. Qe2 Nc6 30. a3 a4 31. Qc2 Qa8 32. Rb1 Rd8 33. Rhd1 Qa7 34. Rb5 Re7 35. Rdb1 Red7 36. Rd1 Na5 37. Qxa4 dxe3 38. Nxc5 Qa8+ 39. Nce4 Rxd3 40. Rxd3 Rxd3 41. Rd5 Rxd5 42. cxd5 Qxd5 43. fxe3 Nc4 44. Kf2 b5 45. Qa6 Qd3 46. Qxb5 Qxe3+ 47. Kg2 Nd2 48. Nxd2 Qxd2+ 49. Kh3 Qf4 50. a4 Bf8 51. a5 Bd6 52. Qe2 Bb8 53. a6 Kg7 54. Qe4 Qc1 55. Qb7 Qf4 56. Qxb8 Qg4+ 57. Kg2 Qxh4 58. Qxe5+ Kh7 59. Qd5 1-0

[Event "Wch Rapid"]
[Site "Samarkand"]
[Date "2023.12.27"]
[Round "6"]
[White "Demchenko, Anton"]
[Black "Sattarov, Bobir"]
[Result "0-1"]
[WhiteElo "2609"]
[BlackElo "2353"]
[PlyCount "114"]
[EventDate "2023.12.26"]
[EventType "swiss (rapid)"]
[EventRounds "13"]
[EventCountry "UZB"]
[SourceTitle "CB01_2024"]
[SourceDate "2024.01.03"]
[SourceVersion "1"]
[SourceVersionDate "2024.01.03"]
[SourceQuality "1"]

1. e4 e5 2. Nf3 Nc6 3. Bc4 Bc5 4. d3 d6 5. c3 Qf6 6. Be3 Nge7 7. h3 h6 8. Nbd2 a6 9. Bxc5 dxc5 10. a3 0-0 11. Qe2 Rd8 12. Rd1 b6 13. Nf1 Ng6 14. g3 Na5 15. Ba2 Be6 16. Bxe6 Qxe6 17. Ne3 Rd7 18. h4 Rad8 19. 0-0 Nb7 20. b4 a5 21. b5 f6 22. c4 a4 23. h5 Ne7 24. Nh4 Na5 25. Nd5 Nb3 26. f4 Nd4 27. Qf2 Nxd5 28. exd5 Qg4 29. f5 Re8 30. Rde1 e4 31. Kg2 Rdd8 32. Qd2 Qg5 33. Qd1 e3 34. Rf4 e2 35. Qd2 Qxh5 36. Nf3 Nxf5 37. Re4 Qg6 38. Qf4 Nd6 39. R1xe2 Nxe4 40. dxe4 Re7 41. Nh4 Qg5 42. Nf3 Qh5 43. g4 Qg6 44. Nh4 Qg5 45. Qxg5 hxg5 46. Nf5 Re5 47. Kf3 g6 48. Ng3 Kg7 49. Rd2 Ree8 50. Re2 Rd7 51. Kg2 Rde7 52. Re1 Rh8 53. Rd1 Rd8 54. Kf3 Kf8 55. Ne2 Rh7 56. Kg3 Ke7 57. Nc3 Kd6 0-1

[Event "Wch Rapid"]
[Site "Samarkand"]
[Date "2023.12.27"]
[Round "8"]
[White "Dreev, Alexey"]
[Black "Sattarov, Bobir"]
[Result "1/2-1/2"]
[WhiteElo "2606"]
[BlackElo "2353"]
[PlyCount "154"]
[EventDate "2023.12.26"]
[EventType "swiss (rapid)"]
[EventRounds "13"]
[EventCountry "UZB"]
[SourceTitle "CB01_2024"]
[SourceDate "2024.01.03"]
[SourceVersion "1"]
[SourceVersionDate "2024.01.03"]
[SourceQuality "1"]

1. d4 d6 2. c4 e5 3. Nc3 Nc6 4. Nf3 Nf6 5. Bg5 Be7 6. e3 0-0 7. d5 Nb8 8. Be2 a5 9. e4 Na6 10. Bd2 Bd7 11. 0-0 c6 12. Rc1 Qb8 13. h3 Nc5 14. Qc2 Rc8 15. Be3 cxd5 16. exd5 Bd8 17. Nd2 Bb6 18. Kh1 Qa7 19. Bg5 Bd8 20. f4 exf4 21. Bxf4 Be7 22. Be3 Re8 23. Bd4 Qb8 24. Rf2 Rf8 25. Rcf1 Ne8 26. Nde4 f5 27. Nd2 Bh4 28. Rf3 Nf6 29. Bd3 Nxd3 30. Qxd3 g6 31. Re3 Nh5 32. Kg1 Qd8 33. Nf3 Bg3 34. Ne2 Nf4 35. Qd2 Nxe2+ 36. Rxe2 f4 37. b3 Re8 38. Bf2 Rxe2 39. Qxe2 Qe8 40. Re1 b5 41. Bxg3 fxg3 42. Qd2 Qf8 43. Qg5 Re8 44. Rxe8 Qxe8 45. Qxg3 bxc4 46. bxc4 Qe7 47. Qf4 Kg7 48. Kf2 h6 49. Qd4+ Kh7 50. Qa7 a4 51. Qc7 Kg7 52. a3 Kf8 53. Qa7 g5 54. Qd4 Kg8 55. Kg1 Bf5 56. Kf2 Bg6 57. Kg3 Bf5 58. Kf2 Kf7 59. g4 Bb1 60. Qe3 Qf6 61. Kg3 Kg6 62. Nd4 Kg7 63. Ne6+ Kg6 64. Qd4 Qxd4 65. Nxd4 Ba2 66. Nb5 Bxc4 67. Nxd6 Bxd5 68. Nf5 Bb7 69. h4 h5 70. Nd6 Bc6 71. hxg5 Kxg5 72. Nf7+ Kf6 73. Nd8 Bd5 74. gxh5 Kg5 75. h6 Kxh6 76. Kf4 Kg7 77. Ke5 Bb3 1/2-1/2

[Event "Wch Rapid"]
[Site "Samarkand"]
[Date "2023.12.26"]
[Round "3"]
[White "Sattarov, Bobir"]
[Black "Vescovi, Giovanni P"]
[Result "1-0"]
[WhiteElo "2353"]
[BlackElo "2584"]
[PlyCount "65"]
[EventDate "2023.12.26"]
[EventType "swiss (rapid)"]
[EventRounds "13"]
[EventCountry "UZB"]
[SourceTitle "CB01_2024"]
[SourceDate "2024.01.03"]
[SourceVersion "1"]
[SourceVersionDate "2024.01.03"]
[SourceQuality "1"]

1. e4 c6 2. c4 d5 3. exd5 cxd5 4. cxd5 Nf6 5. Qa4+ Nbd7 6. Nc3 g6 7. Bc4 a6 8. d3 Rb8 9. Bb3 b5 10. Qh4 Nc5 11. Bf4 Nxd3+ 12. Kf1 Nxf4 13. Qxf4 Rb6 14. Nf3 Bg7 15. Ne5 Bb7 16. d6 0-0 17. dxe7 Qxe7 18. Re1 Qd8 19. h4 b4 20. Na4 Rb5 21. h5 Bd5 22. h6 Bh8 23. Rh3 Nd7 24. Nxd7 Qxd7 25. Rd3 Qc6 26. Rc1 Qe6 27. Nc5 Bxb3 28. Nxe6 Bxe6 29. Rcd1 Be5 30. Qh4 Rbb8 31. Rd8 f6 32. Rxf8+ Rxf8 33. Qxb4 1-0

[Event "Sitges Sunway op 10th"]
[Site "Sitges"]
[Date "2023.12.15"]
[Round "4"]
[White "Abdisalimov, Abdimalik"]
[Black "Sattarov, Bobir"]
[Result "1-0"]
[WhiteElo "2496"]
[BlackElo "2353"]
[PlyCount "113"]
[EventDate "2023.12.12"]
[EventType "swiss"]
[EventRounds "10"]
[EventCountry "ESP"]
[SourceTitle "CB52_2023"]
[SourceDate "2023.12.27"]
[SourceVersion "1"]
[SourceVersionDate "2023.12.27"]
[SourceQuality "1"]

1. d4 g6 2. e4 c5 3. d5 Bg7 4. Nc3 d6 5. Be2 Nf6 6. Nf3 0-0 7. 0-0 e6 8. Bf4 exd5 9. exd5 a6 10. a4 Bg4 11. a5 Nh5 12. Bg5 Qc7 13. Ra4 Bxf3 14. Bxf3 Nf6 15. Qd2 Nbd7 16. Bh6 Rfe8 17. Rh4 Bxh6 18. Qxh6 Nf8 19. g4 N6d7 20. Ne4 Qd8 21. Bg2 Nf6 22. Nd2 Qxa5 23. Nc4 Qd8 24. g5 Nh5 25. Rxh5 b5 26. f4 bxc4 27. f5 gxf5 28. Bh3 Re5 29. Bxf5 Rxf5 30. Rxf5 c3 31. bxc3 Qd7 32. Qf6 a5 33. Rh4 a4 34. Re4 Re8 35. Rff4 Ng6 36. Qf5 Rxe4 37. Qxd7 Nxf4 38. Qxd6 a3 39. Qd8+ Kg7 40. Qf6+ Kg8 41. Qa6 Re1+ 42. Kf2 Ra1 43. d6 Nh3+ 44. Ke2 Nxg5 45. d7 Ne6 46. Qxe6 fxe6 47. d8Q+ Kf7 48. Qc7+ Kg6 49. Qxc5 a2 50. Qa3 Rh1 51. Qxa2 Rxh2+ 52. Kd3 Kf5 53. c4 Rh3+ 54. Ke2 h5 55. Qa5+ e5 56. c5 Kf4 57. c6 1-0

[Event "Titled Tuesday intern op 14th Nov Early"]
[Site "Chess.com INT"]
[Date "2023.11.14"]
[Round "7"]
[White "Preobrazhenskaya, Diana"]
[Black "Sattarov, Bobir"]
[Result "0-1"]
[WhiteElo "2054"]
[BlackElo "2353"]
[PlyCount "114"]
[EventDate "2023.11.14"]
[EventType "swiss (blitz)"]
[EventRounds "11"]
[EventCountry "USA"]
[SourceTitle "CB47_2023"]
[SourceDate "2023.11.22"]
[SourceVersion "1"]
[SourceVersionDate "2023.11.22"]
[SourceQuality "1"]

1. e4 e5 2. Nf3 Nc6 3. Bb5 a6 4. Ba4 Bc5 5. c3 Qf6 6. 0-0 Nge7 7. d3 h6 8. Nbd2 0-0 9. Bc2 d6 10. h3 Ng6 11. Nb3 Ba7 12. d4 Nce7 13. Be3 Nf4 14. Bxf4 Qxf4 15. Nc1 Ng6 16. Ne2 Qf6 17. Qd3 Be6 18. Rfe1 Rad8 19. d5 Bc8 20. c4 Nh4 21. Rf1 Nxf3+ 22. Qxf3 Qxf3 23. gxf3 Bxh3 24. Rfd1 f5 25. Kh2 fxe4 26. Kxh3 Rxf3+ 27. Kg4 Rxf2 28. Re1 e3 29. Be4 Rdf8 30. Rac1 R8f4+ 31. Nxf4 Rxf4+ 32. Kg3 Rxe4 33. Re2 Rf4 34. b4 a5 35. a3 axb4 36. axb4 Bd4 37. c5 Rf7 38. cxd6 cxd6 39. Rc8+ Kh7 40. Rd8 Rf6 41. Rd7 b6 42. b5 h5 43. Rb7 Kh6 44. Rb8 g5 45. Rh8+ Kg6 46. Rg8+ Kf5 47. Rh8 h4+ 48. Kh3 Ke4 49. Rg8 Kd3 50. Re1 Rf3+ 51. Kg2 Rg3+ 52. Kh2 e2 53. Rf8 Kd2 54. Rb1 e1Q 55. Rxe1 Kxe1 56. Rf1+ Ke2 57. Re1+ Kxe1 0-1

[Event "Titled Tuesday intern op 14th Nov Early"]
[Site "Chess.com INT"]
[Date "2023.11.14"]
[Round "6"]
[White "Sattarov, Bobir"]
[Black "Bilan, Danila"]
[Result "1-0"]
[WhiteElo "2353"]
[BlackElo "2303"]
[PlyCount "131"]
[EventDate "2023.11.14"]
[EventType "swiss (blitz)"]
[EventRounds "11"]
[EventCountry "USA"]
[SourceTitle "CB47_2023"]
[SourceDate "2023.11.22"]
[SourceVersion "1"]
[SourceVersionDate "2023.11.22"]
[SourceQuality "1"]

1. e4 c6 2. c4 d5 3. exd5 Nf6 4. d4 cxd5 5. Nc3 Nc6 6. Bg5 e6 7. Nf3 Be7 8. Bd3 Nb4 9. Bxf6 Nxd3+ 10. Qxd3 Bxf6 11. cxd5 exd5 12. Qb5+ Bd7 13. Qxd5 0-0 14. 0-0 Bc6 15. Qf5 Bxf3 16. Qxf3 Qxd4 17. Nd5 Rfd8 18. Rfd1 Qxb2 19. Rab1 Qe5 20. Rxb7 Rab8 21. Rxb8 Rxb8 22. g3 Bd8 23. Ne3 g6 24. Rd7 Qf6 25. Qxf6 Bxf6 26. Rxa7 Rb2 27. Ra4 h5 28. Kf1 Be7 29. Ra5 Bf6 30. Nc4 Rc2 31. Ne3 Rb2 32. Nd1 Rd2 33. Ke1 Rc2 34. Ra4 Be7 35. Ne3 Rb2 36. h4 Bb4+ 37. Kf1 Bc5 38. Nd1 Rd2 39. Ke1 Rc2 40. Ra8+ Kg7 41. a4 Ra2 42. f3 f5 43. Ra6 Kh6 44. Kf1 Kg7 45. Ke1 Kh6 46. Rc6 Bb4+ 47. Kf1 Rxa4 48. Ne3 Ra1+ 49. Ke2 Ra2+ 50. Kd1 Kg7 51. Rc7+ Kh6 52. Rc6 Rd2+ 53. Kc1 Kg7 54. Nc4 Rf2 55. Ne5 Bd2+ 56. Kd1 Be3 57. Rxg6+ Kh7 58. f4 Rg2 59. Rg5 Bf2 60. Rxh5+ Kg7 61. Rg5+ Kf6 62. Rg6+ Ke7 63. h5 Rxg3 64. h6 Rxg6 65. Nxg6+ Kf6 66. h7 1-0